Los cuadriláteros cíclicos como herramienta en la resolución de problemas (Record no. 59285)

MARC details
000 -LEADER
campo de control de longitud fija 01167cac a22003137a 4500
003 - IDENTIFICADOR DE NÚMERO DE CONTROL
campo de control Co-PeBPM
005 - FECHA Y HORA DE LA ÚLTIMA TRANSACCIÓN
campo de control 20250817224308.0
008 - DATOS DE LONGITUD FIJA--INFORMACIÓN GENERAL
campo de control de longitud fija 240629e2019 ck a|||| |||| 00| 0 spa d
020 ## - NÚMERO INTERNACIONAL ESTÁNDAR DEL LIBRO
Número Internacional Estándar del Libro 9789588958903
040 0# - FUENTE DE CATALOGACIÓN
Centro catalogador/agencia de origen Co-PeBPM
Lengua de catalogación spa
Centro/agencia transcriptor Co-PeBPM
Normas de descripción rda
082 04 - NÚMERO DE LA CLASIFICACIÓN DECIMAL DEWEY
Número de clasificación 516.15 C961c
Número de edición 22
100 1# - ENTRADA PRINCIPAL--NOMBRE DE PERSONA
Nombre de persona Catalina M. Rúa Álvarez
Término indicativo de función/relación autor
245 14 - MENCIÓN DEL TÍTULO
Título Los cuadriláteros cíclicos como herramienta en la resolución de problemas
Mención de responsabilidad, etc. / Catalina M. Rúa Álvarez y otros
250 ## - MENCION DE EDICION
Mención de edición Primera edición
260 ## - PUBLICACIÓN, DISTRIBUCIÓN, ETC.
Lugar de publicación, distribución, etc. San Juan de Pasto
Nombre del editor, distribuidor, etc. : Editorial Universidad de Nariño,
Fecha de publicación, distribución, etc. , 2019
300 ## - DESCRIPCIÓN FÍSICA
Extensión 102 páginas
Otras características físicas : ilustraciones, figuras en blanco y negro
Dimensiones ; 24 centímetros
500 ## - NOTA GENERAL
Nota general Incluye índice.
504 ## - NOTA DE BIBLIOGRAFÍA, ETC.
Nota de bibliografía, etc. Incluye bibliografía.
650 14 - PUNTO DE ACCESO ADICIONAL DE MATERIA--TÉRMINO DE MATERIA
Término de materia o nombre geográfico como elemento de entrada Cuadriláteros cíclicos
Fuente del encabezamiento o término LEMB
650 14 - PUNTO DE ACCESO ADICIONAL DE MATERIA--TÉRMINO DE MATERIA
Término de materia o nombre geográfico como elemento de entrada Geometría
Fuente del encabezamiento o término LEMB
650 14 - PUNTO DE ACCESO ADICIONAL DE MATERIA--TÉRMINO DE MATERIA
Término de materia o nombre geográfico como elemento de entrada Problemas y ejercicios
Fuente del encabezamiento o término LEMB
650 14 - PUNTO DE ACCESO ADICIONAL DE MATERIA--TÉRMINO DE MATERIA
Término de materia o nombre geográfico como elemento de entrada Geometría
Fuente del encabezamiento o término LEMB
650 14 - PUNTO DE ACCESO ADICIONAL DE MATERIA--TÉRMINO DE MATERIA
Término de materia o nombre geográfico como elemento de entrada Resolución de problemas
Fuente del encabezamiento o término LEMB
700 ## - ENTRADA AGREGADA--NOMBRE PERSONAL
Nombre de persona Castillo, Deiby Y.
Término indicativo de función/relación coautor
700 ## - ENTRADA AGREGADA--NOMBRE PERSONAL
Nombre de persona Cáceres, Luis F.
Término indicativo de función/relación coautor
700 ## - ENTRADA AGREGADA--NOMBRE PERSONAL
Nombre de persona Paz, Katherine N.
Término indicativo de función/relación coautor
942 ## - ELEMENTOS DE ENTRADA SECUNDARIOS (KOHA)
Fuente del sistema de clasificación o colocación Clasificación Decimal Dewey
Tipo de ítem Koha Libros
Suprimir en OPAC No
Holdings
Estatus retirado Estado de pérdida Fuente del sistema de clasificación o colocación Estado de daño No para préstamo Colección Biblioteca de origen Biblioteca actual Ubicación en estantería Fecha de adquisición Fuente de adquisición Total de préstamos Signatura topográfica completa Código de barras Visto por última vez Copia número Precio de reemplazo Tipo de ítem Koha
    Clasificación Decimal Dewey     General BIBLIOTECA PÚBLICA MUNICIPAL RAMON CORREA MEJIA BIBLIOTECA PÚBLICA MUNICIPAL RAMON CORREA MEJIA Colección general 15/09/2022 Donación   516.15 C961c 60046 29/06/2024 Ej.1 29/06/2024 Libros

Powered by Koha